00486nam a2200121Ia 4500008004100000040004400041100002000085245016400105260002500269300001400294500004100308999001500349180412s9999||||xx |||||||||||||| ||und|| aAhmadu Bello University Library - Zaria aUNITED NATIONS. 0aAddendum to the report of the special committee for the review of the United Nations salary system: contents of the international civil service advisory board. aNew YorkbU.N.c1972 aiii, 15p. aIncludes bibliographical references. c6990d6990